Stolice państw Australii i Oceani - Statystyki

Ogólne statystyki
  • Ten quiz został rozwiązany 16 954 razy
  • Średni wynik to 6 z 14
Statystyki odpowiedzi
Kraj Stolica % Poprawnych
Australia Canberra
94%
Nowa Zelandia Wellington
70%
Fidżi Suva
66%
Papu-Nowa Gwinea Port Moresby
44%
Mikronezja Palikir
41%
Nauru Yaren
41%
Kiribati Bairiki
35%
Samoa Apia
32%
Wyspy Salomona Honiara
29%
Palau Ngerulmud
26%
Vanautu Port Vila
24%
Tonga Nukualofa
21%
Wypy Marshalla Majuro
19%
Tuvalu Vaiaku
13%
Nie znaleziono quizów pasujących do podanych kryteriów
Rozkład punktacji
Procent ludzi z każdym wynikiem
Percentyl według liczby udzielonych odpowiedzi
Twoja historia wyników
Nie rozwiązałeś tego quizu